El impacto de la desinformación en el ámbito local.
Enregistré dans:
| Autres auteurs: | , , |
|---|---|
| Format: | Inconnue |
| Langue: | espagnol |
| Publié: |
Madrid, España:
Fragua,
2024.
|
| Collection: | Colección Biblioteca Ciencias de la Comunicación.
|
| Sujets: | |
| Tags: |
Ajouter un tag
Pas de tags, Soyez le premier à ajouter un tag!
|
MARC
| LEADER | 00000 a2200000 4500 | ||
|---|---|---|---|
| 003 | CL-VaPUC | ||
| 005 | 20250410110104.0 | ||
| 008 | 250328t2024 ||||| |||| 00| 0 spa d | ||
| 999 | |c 447409 |d 447407 | ||
| 020 | |a 978-84-127325-3-5 | ||
| 040 | |c Pontificia Universidad Católica de Valparaíso | ||
| 082 | |2 22 |a 302.230946 RUA 2024 | ||
| 100 | |a Rúas Araújo, José |9 896988 |e editor | ||
| 245 | |a El impacto de la desinformación en el ámbito local. | ||
| 260 | |a Madrid, España: |b Fragua, |c 2024. | ||
| 300 | |a 158 páginas: |b ilustraciones. | ||
| 490 | |a Colección Biblioteca Ciencias de la Comunicación. | ||
| 583 | |k Yessy Díaz Vidal |c 20250328 | ||
| 650 | 0 | |9 897699 |a Medios de comunicación independientes |x Redes sociales |x Desinformación | |
| 650 | 0 | |9 464493 |a Campañas electorales |x Desinformación |z España |y Siglo 21 | |
| 700 | |9 897696 |a Alonso Muñoz, Laura |e editora | ||
| 700 | |9 897697 |a Paniagua Rojano, Francisco Javier |e editor | ||
| 942 | |2 ddc |c BK | ||
| 952 | |0 0 |1 0 |2 ddc |4 0 |6 302_230946000000000_RUA_2024 |7 0 |8 A |9 601977 |a BIBCUR |b BIBCUR |d 2025-03-27 |e 2 |g 36894.00 |i 5666842 |l 1 |o 302.230946 RUA 2024 |p 5666842 |q 2025-07-11 |r 2025-05-07 |s 2025-05-07 |t 1 |v 36894.00 |w 2025-03-27 |y BK |k PER | ||